| 000 | 01013nam a22003137a 4500 | ||
|---|---|---|---|
| 003 | CHAP | ||
| 005 | 20220329135358.0 | ||
| 008 | 971013s1963 r 10010 d | ||
| 010 | _a35367 | ||
| 011 | _a36339 | ||
| 035 | _a40458 | ||
| 040 | _cCHAP | ||
| 082 |
_a633.18 _bP3 1961 |
||
| 111 | 0 | 0 |
_aPacific Science Congress ( _n10 _d: 1961 _c: Honolulu) _984612 |
| 245 | _aSymposium on rice problems | ||
| 260 |
_a(Roma) : _bInternational Rice Commission, _c1963 |
||
| 300 |
_a142 p. _b: ilus. |
||
| 490 | _aIRC Neswsletter. Special issue | ||
| 590 |
_aBATCH-UPD _b10 _c20130110 _lUCH01 _h1126 |
||
| 590 |
_aBATCH-UPD _b10 _c20130410 _lUCH01 _h0716 |
||
| 590 |
_aBATCH-UPD _b10 _c20130914 _lUCH01 _h2125 |
||
| 590 |
_aCONVERSION _b10 _c20130109 _lUCH01 _h1320 |
||
| 650 | 1 | 4 |
_aArroz. _97554 |
| 710 | 0 |
_aComisión Internacional del Arroz. _925746 |
|
| 830 | 0 |
_aIRC Neswsletter. Special issue _960331 |
|
| 901 | _aBK | ||
| 942 | _cLIBRO | ||
| 949 |
_a633.18 P3 1961 _bBC _cLIBRO _d33724000196739 _eLIBRO _h22309 _i40458 _mD _si |
||
| 999 |
_c35367 _d35367 |
||